000 00200 a2200097 4500
020 _a9781603960144
041 _aspa
100 _aSuzanne Collins
245 _aGregor de las tierras altas
942 _cBK
999 _c29011
_d29009